| 000 -LEADER |
| fixed length control field |
00744nam a22002177a 4500 |
| 008 - FIXED-LENGTH DATA ELEMENTS--GENERAL INFORMATION |
| fixed length control field |
131107b xxu||||| |||| 00| 0 eng d |
| 020 ## - INTERNATIONAL STANDARD BOOK NUMBER |
| International Standard Book Number |
0324323840 |
| 041 0# - LANGUAGE CODE |
| Language code of text/sound track or separate title |
eng |
| 080 ## - UNIVERSAL DECIMAL CLASSIFICATION NUMBER |
| Universal Decimal Classification number |
330.322 |
| 100 ## - Rafti |
| Rafti |
Reilly, Frank K. ; Norton, Edgar A. |
| 245 10 - TITLE STATEMENT |
| Title |
Investments / |
| Statement of responsibility, etc |
Frank K. Reilly ; Edgar A. Norton, |
| 260 ## - |
| -- |
Canada : |
| -- |
Thomson South - Western ; |
| -- |
c2006 |
| 300 ## - |
| -- |
734 f. : |
| -- |
me il. ; |
| -- |
25 cm. |
| 490 ## - |
| -- |
International students edition |
| -- |
seventh edition |
| 500 ## - |
| -- |
Preface = [Parathënie] : f. IX - XIII |
| 500 ## - |
| -- |
About the Authors = [Rreth autorëve] : f. XVII - XVIII |
| 505 ## - |
| -- |
Subject Index = [Indexi i lëndës] : f. 721 - 734 |
| 650 #0 - |
| -- |
Investimet |
| 650 #0 - |
| -- |
Analiza e investimeve |
| 942 ## - ADDED ENTRY ELEMENTS (KOHA) |
| Source of classification or shelving scheme |
|
| Item type |
Books |